<?xml version="1.0" encoding="UTF-8"?><?xml-stylesheet type="text/xsl" href="static/style.xsl"?><OAI-PMH xmlns="http://www.openarchives.org/OAI/2.0/" xmlns:xsi="http://www.w3.org/2001/XMLSchema-instance" xsi:schemaLocation="http://www.openarchives.org/OAI/2.0/ http://www.openarchives.org/OAI/2.0/OAI-PMH.xsd"><responseDate>2026-06-05T15:26:56Z</responseDate><request verb="GetRecord" identifier="oai:riuma.uma.es:10630/34991" metadataPrefix="marc">https://riuma.uma.es/rest/oai/request</request><GetRecord><record><header><identifier>oai:riuma.uma.es:10630/34991</identifier><datestamp>2026-02-03T12:46:06Z</datestamp><setSpec>com_10630_2254</setSpec><setSpec>col_10630_37957</setSpec></header><metadata><record xmlns="http://www.loc.gov/MARC21/slim" xmlns:dcterms="http://purl.org/dc/terms/" xmlns:doc="http://www.lyncode.com/xoai" xmlns:xsi="http://www.w3.org/2001/XMLSchema-instance" xsi:schemaLocation="http://www.loc.gov/MARC21/slim http://www.loc.gov/standards/marcxml/schema/MARC21slim.xsd">
   <leader>00925njm 22002777a 4500</leader>
   <datafield ind2=" " ind1=" " tag="042">
      <subfield code="a">dc</subfield>
   </datafield>
   <datafield ind2=" " ind1=" " tag="720">
      <subfield code="a">Durán-Soria, Sara</subfield>
      <subfield code="e">author</subfield>
   </datafield>
   <datafield ind2=" " ind1=" " tag="260">
      <subfield code="c">2024</subfield>
   </datafield>
   <datafield ind2=" " ind1=" " tag="520">
      <subfield code="a">Los frutos rojos son un grupo no filogenético de frutos que se caracterizan por presentar dicho color rojo, el cual está asociado a la presencia de antocianinas. Esta tesis se centra especialmente en fruto de frambuesa y grosella negra, cuya producción mundial se ha incrementado notablemente en las últimas décadas. A lo largo de la maduración del fruto se producen cambios en la concentración de determinados metabolitos que son los responsables del sabor y el aroma del fruto maduro, así como de una gran cantidad de propiedades organolépticas y nutracéuticas. Los principales caracteres asociados a la calidad del fruto son sabor, aroma, color, tamaño, firmeza y valor nutricional. Todos ellos son actualmente características de interés en los programas de mejora y están influenciados tanto por la genética como por el ambiente.&#xd;
&#xd;
Los azúcares son cruciales para la calidad del fruto ya que influyen directamente en su sabor. Además, son esenciales para el suministro de carbono y energía en plantas y participan en procesos vitales como la germinación y el crecimiento. El capítulo 1 de esta tesis aborda los mecanismos de señalización de los azúcares relacionados con la maduración de los frutos y las respuestas a estrés.&#xd;
&#xd;
Promover el consumo de frutas es esencial por sus beneficios para la salud. Los programas de mejora actuales buscan mejorar sus características sensoriales y nutritivas, aunque esto es complicado debido a que influyen factores genéticos y ambientales. Tanto la frambuesa como la grosella negra son muy valorados por su sabor y propiedades antioxidantes. Los capítulos 2 y 3 utilizan un enfoque metabolómico para comparar diferentes cultivares de frambuesa y grosella negra respectivamente, crecidas en diferentes climas europeos. En ambos casos hemos encontrado diferencias significativas en metabolitos clave relacionados con la calidad de los frutos. Estos hallazgos pueden ayudar a la obtención de cultivares mejorados.</subfield>
   </datafield>
   <datafield ind1="8" ind2=" " tag="024">
      <subfield code="a">https://hdl.handle.net/10630/34991</subfield>
   </datafield>
   <datafield tag="653" ind2=" " ind1=" ">
      <subfield code="a">Frutas rojas - Tesis doctorales</subfield>
   </datafield>
   <datafield tag="653" ind2=" " ind1=" ">
      <subfield code="a">Frambueso - Metabolismo</subfield>
   </datafield>
   <datafield tag="653" ind2=" " ind1=" ">
      <subfield code="a">Ribes - Metabolismo</subfield>
   </datafield>
   <datafield ind2="0" ind1="0" tag="245">
      <subfield code="a">Efecto del ambiente en la calidad de los frutos rojos desde un enfoque metabolómico.</subfield>
   </datafield>
</record>
</metadata></record></GetRecord></OAI-PMH>